| 000 | 00520nam a2200181 a 4500 | ||
|---|---|---|---|
| 001 | 3775 | ||
| 005 | 20140414131920.0 | ||
| 008 | 061012s19uu xx 00 eng d | ||
| 020 | _a0-7214-1561-X | ||
| 050 |
_aER _bM27 1993 |
||
| 100 | _aStimson, Joan | ||
| 245 |
_aThe magic porridge pot / _cretelling by Joan Stimson ; illustrated by Mike Gordon. |
||
| 260 |
_aLeicestershire, UK : _bLadybird Books, _c1993. |
||
| 300 | _ap. ; cm. | ||
| 440 | _aFavourite tales | ||
| 650 | _aChildren stories. | ||
| 999 |
_c111678 _d111678 |
||